Prijatie spoločnej meny euro v Českej republike
Historický pohľad na vznik Európskej menovej únie. Vznik eurozóny. Vstup Českej republiky do eurozóny. Podmienky prijatia jednotnej meny euro. Porovnanie výhod a nevýhod pre zúčastnené subjekty.
Uložené v:
| Hlavný autor: | |
|---|---|
| Médium: | Kapitola |
| Jazyk: | Slovak |
| Predmet: | |
| Tagy: |
Žiadne tagy, Buďte prvý, kto otaguje tento záznam!
|
MARC
| LEADER | 00000naa a2200000 4500 | ||
|---|---|---|---|
| 001 | 0119828 | ||
| 005 | 20220729111438.1 | ||
| 041 | 0 | |a slo | |
| 044 | |a SK | ||
| 245 | 1 | 0 | |a Prijatie spoločnej meny euro v Českej republike |c Adriana Golembiovská |
| 520 | |a Historický pohľad na vznik Európskej menovej únie. Vznik eurozóny. Vstup Českej republiky do eurozóny. Podmienky prijatia jednotnej meny euro. Porovnanie výhod a nevýhod pre zúčastnené subjekty. | ||
| 610 | 2 | 0 | |a Európska menová únia |
| 610 | 2 | 0 | |a eurozóna |
| 610 | 2 | 0 | |a Česko |
| 610 | 2 | 0 | |a euro |
| 610 | 2 | 0 | |a konvergencia |
| 100 | 1 | |a Golembiovská, Adriana | |